Shackleton : (Record no. 157300)

MARC details
000 -CABECERA
campo de control de longitud fija 00752nam a2200229 u 4500
005 - FECHA Y HORA DE LA ÚLTIMA TRANSACCIÓN
campo de control 20210223131749.0
008 - ELEMENTOS DE LONGITUD FIJA--INFORMACIÓN GENERAL
campo de control de longitud fija 120618s2006 es r 000 0 spa d
020 ## - NÚMERO INTERNACIONAL NORMALIZADO PARA LIBROS
Número Internacional Estándar del Libro 8489804508
035 ## - NÚMERO DE CONTROL DEL SISTEMA
Número de control de sistema UPN01000185197
049 ## - COLECCIÓN
Colección CG
050 #4 - SIGNATURA TOPOGRÁFICA DE LA BIBLIOTECA DEL CONGRESO
Número de clasificación G850 1914
Número de documento/Ítem E3.7
100 1# - ASIENTO PRINCIPAL--NOMBRE PERSONAL
Nombre de persona Edge, Christopher
245 10 - MENCIÓN DE TÍTULO
Título Shackleton :
Resto del título guía para jóvenes /
Mención de responsabilidad, etc. Christopher Edge ; tr. Carlos Olalla Linares.
260 ## - PUBLICACIÓN, DISTRIBUCIÓN, ETC.
Lugar de publicación, distribución, etc. Salamanca ; Esp. :
Nombre del editor, distribuidor, etc. Lóguez,
Fecha de publicación, distribución, etc. c2006.
300 ## - DESCRIPCIÓN FÍSICA
Extensión 104 p. :
Otras características físicas mapas, il.
534 ## - NOTA SOBRE LA VERSIÓN ORIGINAL
Frase introductoria Título original:
Mención de título del original Shackleton : a beginner's guide
600 14 - ASIENTO SECUNDARIO DE MATERIA - NOMBRE PERSONAL
Nombre de persona SHACKLETON, ERNEST HENRY,
Títulos y otros términos asociados al nombre SIR,
Fechas asociadas al nombre 1874-1922
9 (RLIN) 21118
651 #4 - ASIENTO SECUNDARIO DE MATERIA - NOMBRE GEOGRAFICO
Nombre geográfico REGIONES ANTARTICAS
9 (RLIN) 17880
650 #4 - ASIENTO SECUNDARIO DE MATERIA - TERMINO TEMATICO
Término de materia o nombre geográfico como elemento de entrada EXPLORADORES -
Subdivisión de forma LITERATURA JUVENIL
9 (RLIN) 9926
905 ## - TIPO DE MATERIAL
Tipo de material Libro
Holdings
Estado de retiro Estado de pérdida Fuente del sistema de clasificación o colocación Estado dañado No para préstamo Código de colección Localización permanente Ubicación/localización actual Ubicación en estantería Total de préstamos Clasificación Código de barras Fecha visto por última vez Número de copia Tipo de ítem Koha
    Library of Congress Classification     Colección General Bib. Gregorio Torres Quintero Bib. Gregorio Torres Quintero Planta baja   G850 1914 E3.7 257317 31/12/2020 1 Libro